Principles of auditing (Record no. 5890)

MARC details
000 -LEADER
fixed length control field 00596cam a2200229ua 4500
001 - CONTROL NUMBER
control field 6747
005 - DATE AND TIME OF LATEST TRANSACTION
control field 20260515114111.0
008 - FIXED-LENGTH DATA ELEMENTS--GENERAL INFORMATION
fixed length control field 140212n ii |||gr||||Z||||||eng
020 ## - INTERNATIONAL STANDARD BOOK NUMBER
International Standard Book Number 0-256-01902-9
040 ## - CATALOGING SOURCE
Transcribing agency MAIN
082 ## - DEWEY DECIMAL CLASSIFICATION NUMBER
Classification number 657.45
245 ## - TITLE STATEMENT
Title Principles of auditing
Statement of responsibility, etc. By Walter B. Meigs
250 ## - EDITION STATEMENT
Edition statement 6th ed.
260 ## - PUBLICATION, DISTRIBUTION, ETC.
Place of publication, distribution, etc. Ontario:
Name of publisher, distributor, etc. Richard D. Irwin,
Date of publication, distribution, etc. 1977.
300 ## - PHYSICAL DESCRIPTION
Extent xix,729p.
653 ## - INDEX TERM--UNCONTROLLED
Uncontrolled term Accounting
653 ## - INDEX TERM--UNCONTROLLED
Uncontrolled term Principles of auditing
700 ## - ADDED ENTRY--PERSONAL NAME
Personal name Meigs,Walter B.,
Relator term Author.,
700 ## - ADDED ENTRY--PERSONAL NAME
Personal name Larsen,E. John,
Relator term Author.
700 ## - ADDED ENTRY--PERSONAL NAME
Personal name Meigs,Robert F.,
Relator term Author.
942 ## - ADDED ENTRY ELEMENTS (KOHA)
Koha item type Books
Holdings
Withdrawn status Lost status Damaged status Not for loan Home library Current library Shelving location Date acquired Total checkouts Full call number Barcode Date last seen Copy number Price effective from Koha item type
        Naharkatiya College Library Naharkatiya College Library General stacks 09/19/2020   657.45 | MEI 13159 09/19/2020 1 09/19/2020 Books